Generations of Love
Furkejuvvon:
| Materiálatiipa: | Girji |
|---|---|
| Giella: | meroštallameahttun |
| Almmustuhtton: |
Milano
Baldini Castoldi Dalai
2003
|
| Fáddágilkorat: |
Eai fáddágilkorat, Lasit vuosttaš fáddágilkora!
|
MARC
| LEADER | 00000nam a2200000Ia 4500 | ||
|---|---|---|---|
| 001 | 256 | ||
| 003 | NUMERAZIONE-ORIGINALE-BRESCIA | ||
| 005 | 20260206230751.0 | ||
| 008 | 260206s9999 xx 000 0 und d | ||
| 245 | 0 | |a Generations of Love | |
| 260 | |a Milano | ||
| 260 | |b Baldini Castoldi Dalai | ||
| 260 | |c 2003 | ||
| 500 | |a Supernani | ||
| 942 | |2 ddc |c BK |n 0 | ||
| 952 | |0 0 |1 0 |2 ddc |4 0 |6 32 |7 0 |9 28456 |a BS |b BS |d 2026-02-06 |i 256 |l 0 |o 3-2-* |r 2026-02-06 22:40:35 |w 2026-02-06 |x [REVISIONARE] |y BK | ||
| 999 | |c 24136 |d 24136 | ||